000 00532nam a2200193Ia 4500
008 151119s9999||||xx |||||||||||||| ||und||
082 _a294.53
082 _bGKKV23059
100 _aCHOWDHURY KRISHNA
245 _aGAYATRI RAHASYA OR AN EXPOSITION OF THE GAYATRI
260 _a--
260 _b--
260 _c0
600 _aCHOWDHURY KRISHNA
630 _aGAYATRI RAHASYA OR AN EXPOSITION OF THE GAYATRI
700 _aCHOWDHURY KRISHNA
730 _aGAYATRI RAHASYA OR AN EXPOSITION OF THE GAYATRI
942 _cBOOK
999 _c1075743
_d1075740